[Event "Spain ch tt"]
[Site "?"]
[Date "2001.??.??"]
[Round "3"]
[White "Rodriguez Vargas, Orestes"]
[Black "Cacho, Sergio"]
[Result "1-0"]
[WhiteElo "2463"]
[BlackElo "2463"]
[PlyCount "73"]
[EventDate "2001.??.??"]

1. d4 Nf6 2. c4 g6 3. Nc3 Bg7 4. e4 d6 5. f4 O-O 6. Nf3 Na6 7. e5 Nd7 8. Bd3 c5
9. d5 dxe5 10. f5 Nb6 11. fxg6 hxg6 12. O-O f5 13. Ng5 e4 14. Be2 Bd4+ 15. Kh1
e5 16. dxe6 Nc7 17. Nf7 Qe7 18. g4 Bxe6 19. Nh6+ Kh7 20. gxf5 Bxf5 21. Nxf5
gxf5 22. Qe1 e3 23. Qg3 Rf7 24. Rf3 Rg7 25. Qh3+ Kg8 26. Bxe3 Ne6 27. Bd3 Ng5
28. Bxg5 Qxg5 29. Ne2 Re8 30. Nxd4 cxd4 31. Bxf5 Qe7 32. Raf1 Rg5 33. Be6+ Qxe6
34. Rf8+ Kg7 35. Qh8+ Kg6 36. R1f6+ Qxf6 37. Rxf6# 1-0

[Event "Spain ch tt"]
[Site "?"]
[Date "2001.??.??"]
[Round "3"]
[White "Rojo, Jorge"]
[Black "Campos Moreno, Javier"]
[Result "0-1"]
[WhiteElo "2313"]
[BlackElo "2500"]
[PlyCount "68"]
[EventDate "2001.??.??"]

1. e4 c5 2. c3 e6 3. d4 d5 4. e5 Nc6 5. Nf3 Bd7 6. Bd3 Rc8 7. dxc5 Bxc5 8. O-O
Nge7 9. Bg5 h6 10. Bh4 g5 11. Bg3 Nf5 12. Re1 Nce7 13. Nbd2 Bb6 14. Qe2 Rg8 15.
Nf1 h5 16. h4 gxh4 17. Bxh4 Nxh4 18. Nxh4 Rg4 19. g3 Bc6 20. Rad1 Kd7 21. Ne3
Bxe3 22. Qxe3 Qg8 23. Kh2 Qg7 24. Be2 Ra4 25. b4 a6 26. Rd2 Ng6 27. Nxg6 Qxg6
28. c4 h4 29. b5 axb5 30. cxb5 hxg3+ 31. fxg3 Re4 32. bxc6+ bxc6 33. Qc3 Qf5
34. Qf3 Qxf3 0-1

[Event "Spain ch tt"]
[Site "?"]
[Date "2001.??.??"]
[Round "3"]
[White "Martin Gonzalez, Angel"]
[Black "Perez Lopez, Jesus M"]
[Result "1-0"]
[WhiteElo "2425"]
[BlackElo "2178"]
[PlyCount "97"]
[EventDate "2001.??.??"]

1. e4 g6 2. d4 Bg7 3. Nc3 c6 4. Bc4 b5 5. Bb3 a5 6. a3 e6 7. e5 d5 8. exd6 Qxd6
9. Ne4 Qd8 10. Bf4 Nf6 11. Nd6+ Ke7 12. Qf3 Qb6 13. Ne2 Rd8 14. c4 bxc4 15.
Nxc4 Qb5 16. Bc7 Rd7 17. Be5 Ba6 18. O-O Kf8 19. Nf4 Kg8 20. Rfe1 Nd5 21. Nd6
Rxd6 22. Bxd6 Nd7 23. Rad1 Nxf4 24. Bxf4 Rc8 25. Rd2 a4 26. Bc2 Qa5 27. Qc3
Qxc3 28. bxc3 Nb6 29. Rdd1 Bf8 30. Rb1 Bb5 31. Bc1 Nd5 32. Bb2 Nf4 33. Rbd1 c5
34. dxc5 Bxc5 35. Rd2 h5 36. Re4 g5 37. Bxa4 Ba6 38. Bd1 Bb7 39. Re5 f6 40.
Rxc5 Rxc5 41. Rd8+ Kg7 42. Rd7+ Kg6 43. Rxb7 Rd5 44. Bc2+ f5 45. g3 Nh3+ 46.
Kg2 g4 47. c4 Rd2 48. Rg7+ Kh6 49. Bc1 1-0

[Event "Spain ch tt"]
[Site "?"]
[Date "2001.??.??"]
[Round "3"]
[White "Gonzalez Merino, Francisco"]
[Black "Estremera, Sergio"]
[Result "1/2-1/2"]
[WhiteElo "2171"]
[BlackElo "2398"]
[PlyCount "86"]
[EventDate "2001.??.??"]

1. Nf3 Nf6 2. g3 b6 3. Bg2 Bb7 4. O-O e6 5. c4 c5 6. Nc3 Be7 7. d4 cxd4 8. Nxd4
Bxg2 9. Kxg2 Qc8 10. Ndb5 Qc6+ 11. f3 a6 12. Na3 O-O 13. Ncb1 d6 14. e4 Nbd7
15. Qe2 Rfc8 16. b3 Rab8 17. Bb2 Qb7 18. Nd2 Nc5 19. Rfd1 b5 20. e5 Ne8 21.
exd6 Nxd6 22. Bd4 b4 23. Nc2 a5 24. Ne3 Qc6 25. h4 Re8 26. Ng4 Nf5 27. Bb2 f6
28. h5 a4 29. Rab1 Qc7 30. f4 axb3 31. axb3 Rbd8 32. h6 Rd3 33. Nf3 Rxb3 34.
hxg7 Kxg7 35. Ba1 Rxb1 36. Rxb1 h5 37. Ne3 Nxe3+ 38. Qxe3 Qb7 39. Bd4 Qe4 40.
Rxb4 Qxe3 41. Bxe3 Ne4 42. Rb7 Kf7 43. Nd2 Nxd2 1/2-1/2

[Event "Spain ch tt"]
[Site "?"]
[Date "2001.??.??"]
[Round "4"]
[White "Rodriguez Vargas, Orestes"]
[Black "Matamoros, Carlos"]
[Result "1-0"]
[WhiteElo "2463"]
[BlackElo "2457"]
[PlyCount "79"]
[EventDate "2001.??.??"]

1. c4 g6 2. Nc3 Bg7 3. d4 Nf6 4. e4 d6 5. Be2 O-O 6. Bg5 Na6 7. Qc1 Qe8 8. Nf3
e5 9. dxe5 dxe5 10. h3 Nc5 11. Qe3 Ne6 12. Bh6 Nd4 13. O-O-O Nxe4 14. Nxe4
Nxe2+ 15. Kb1 Nf4 16. Bxg7 Kxg7 17. g3 Nh5 18. g4 Nf4 19. Ka1 f6 20. Rdg1 Bd7
21. g5 fxg5 22. Rxg5 Rf5 23. Rxf5 Bxf5 24. Ng3 Qe6 25. Nxe5 Re8 26. Qxf4 Qxe5
27. Nxf5+ gxf5 28. Qg5+ Kh8 29. a3 f4 30. Qh6 Qd6 31. Qh5 Qe5 32. Qf3 Qe4 33.
Qc3+ Re5 34. Rd1 Kg8 35. Ka2 c5 36. Rd7 Re7 37. Rd5 b6 38. f3 Qe3 39. Qf6 h6
40. Qg6+ 1-0

[Event "Spain ch tt"]
[Site "?"]
[Date "2001.??.??"]
[Round "4"]
[White "Vega Holm, Fernando"]
[Black "Campos Moreno, Javier"]
[Result "1/2-1/2"]
[WhiteElo "2404"]
[BlackElo "2500"]
[PlyCount "29"]
[EventDate "2001.??.??"]

1. c4 Nf6 2. g3 e6 3. Bg2 d5 4. Nf3 dxc4 5. Qa4+ c6 6. Qxc4 b5 7. Qb3 Bb7 8.
O-O Nbd7 9. d4 a6 10. a4 c5 11. axb5 Bd5 12. Qc2 Be4 13. Qb3 Bd5 14. Qc2 Be4
15. Qb3 1/2-1/2

[Event "Spain ch tt"]
[Site "?"]
[Date "2001.??.??"]
[Round "4"]
[White "Martin Gonzalez, Angel"]
[Black "Teran, Ismael"]
[Result "0-1"]
[WhiteElo "2425"]
[BlackElo "2396"]
[PlyCount "42"]
[EventDate "2001.??.??"]

1. e4 d6 2. f4 d5 3. exd5 Nf6 4. Bc4 Nxd5 5. Nc3 Nb6 6. Bb3 g6 7. Nf3 Bg7 8. d4
O-O 9. Ne5 Nc6 10. Be3 Na5 11. Qf3 Nxb3 12. axb3 c6 13. Ne2 f6 14. Nd3 e5 15.
O-O e4 16. Qxe4 Bg4 17. Ndc1 Re8 18. Qd3 Qe7 19. Kf2 Bf5 20. Qd2 Nd5 21. Ng3
Qxe3+ 0-1

[Event "Spain ch tt"]
[Site "?"]
[Date "2001.??.??"]
[Round "4"]
[White "Barrero, Carlos"]
[Black "Estremera, Sergio"]
[Result "0-1"]
[WhiteElo "2307"]
[BlackElo "2398"]
[PlyCount "60"]
[EventDate "2001.??.??"]

1. Nf3 c5 2. c4 Nf6 3. Nc3 b6 4. g3 Bb7 5. Bg2 g6 6. O-O Bg7 7. d4 cxd4 8. Qxd4
d6 9. Rd1 Nbd7 10. Be3 O-O 11. Qh4 Rc8 12. Rac1 a6 13. b3 Re8 14. g4 h6 15. h3
g5 16. Qg3 b5 17. h4 bxc4 18. hxg5 hxg5 19. b4 Bxf3 20. Bxf3 Nh7 21. Kg2 Ndf6
22. Ne4 d5 23. Nxg5 e6 24. Qh4 Nf8 25. Rh1 Qd6 26. Nxf7 Kxf7 27. g5 Ng6 28. Bh5
Nxh5 29. Qxh5 d4 30. Rh3 Rh8 0-1

[Event "Spain ch tt"]
[Site "?"]
[Date "2001.??.??"]
[Round "4"]
[White "Marin, Mihai"]
[Black "Cifuentes, Roberto"]
[Result "1/2-1/2"]
[WhiteElo "2561"]
[BlackElo "2522"]
[PlyCount "41"]
[EventDate "2001.??.??"]

1. c4 e6 2. Nf3 d5 3. d4 Nf6 4. g3 Bb4+ 5. Bd2 Be7 6. Bg2 Nbd7 7. Qc2 c6 8. O-O
b6 9. Bf4 O-O 10. Rd1 Bb7 11. Nc3 dxc4 12. Nd2 Nd5 13. Nxc4 Nxf4 14. gxf4 Nf6
15. Ne5 Nd5 16. e3 Rc8 17. Rac1 Bd6 18. Qa4 Bb8 19. a3 Qe7 20. b4 f6 21. Nf3
1/2-1/2

[Event "Spain ch tt"]
[Site "?"]
[Date "2001.??.??"]
[Round "4"]
[White "Pomes, Joan"]
[Black "Narciso, Marc"]
[Result "1/2-1/2"]
[WhiteElo "2399"]
[BlackElo "2517"]
[PlyCount "51"]
[EventDate "2001.??.??"]

1. d4 e6 2. c4 Nf6 3. Nc3 Bb4 4. e3 b6 5. Nge2 Ne4 6. f3 Nxc3 7. bxc3 Be7 8.
Ng3 Nc6 9. Bd3 Ba6 10. O-O Na5 11. Qe2 d5 12. cxd5 Bxd3 13. Qxd3 Qxd5 14. f4 f5
15. e4 fxe4 16. Qxe4 Qxe4 17. Nxe4 Kd7 18. Bd2 Raf8 19. Rae1 Rf5 20. Re2 Rb5
21. Bc1 Rf8 22. Rfe1 Re8 23. Nd2 Bd6 24. g3 Re7 25. Kg2 a6 26. Kf3 1/2-1/2

[Event "Spain ch tt"]
[Site "?"]
[Date "2001.??.??"]
[Round "4"]
[White "Granados, Manuel"]
[Black "Pablo, Alexandre"]
[Result "1/2-1/2"]
[WhiteElo "2428"]
[BlackElo "2403"]
[PlyCount "49"]
[EventDate "2001.??.??"]

1. d4 f5 2. c4 Nf6 3. Nc3 e6 4. Nf3 d5 5. Bf4 c6 6. e3 Be7 7. Bd3 O-O 8. Qc2
Ne4 9. g4 Na6 10. a3 Qa5 11. Ke2 Nxc3+ 12. bxc3 Nc7 13. Ne5 Ne8 14. c5 Bf6 15.
h4 Bxe5 16. Bxe5 b6 17. cxb6 axb6 18. gxf5 exf5 19. c4 Be6 20. Rhg1 Rf7 21.
cxd5 Qxd5 22. Rgc1 Qg2 23. Rg1 Qd5 24. Rgc1 Qg2 25. Rg1 1/2-1/2

[Event "Spain ch tt"]
[Site "?"]
[Date "2001.??.??"]
[Round "4"]
[White "Garcia Ilundain, David"]
[Black "Rojo, Jorge"]
[Result "1-0"]
[WhiteElo "2467"]
[BlackElo "2313"]
[PlyCount "37"]
[EventDate "2001.??.??"]

1. d4 d5 2. Nf3 c6 3. c4 e6 4. Qc2 Nf6 5. Bg5 Nbd7 6. Nc3 Qa5 7. Nd2 Bb4 8. e3
Ne4 9. Ndxe4 dxe4 10. Bh4 e5 11. Be2 O-O 12. O-O f5 13. d5 cxd5 14. cxd5 b6 15.
Nxe4 fxe4 16. a3 Bc5 17. b4 Bxb4 18. axb4 Qxb4 19. Qc6 1-0

[Event "Spain ch tt"]
[Site "?"]
[Date "2001.??.??"]
[Round "4"]
[White "Perez Lopez, Jesus M"]
[Black "Del Rio, Gabriel"]
[Result "1/2-1/2"]
[WhiteElo "2178"]
[BlackElo "2489"]
[PlyCount "81"]
[EventDate "2001.??.??"]

1. Nf3 d5 2. d4 Nf6 3. g3 g6 4. Bg2 Bg7 5. O-O O-O 6. c4 dxc4 7. Qa4 Nfd7 8.
Qxc4 Nb6 9. Qc2 Nc6 10. Rd1 Bg4 11. d5 Nb4 12. Qe4 Bxf3 13. Bxf3 a5 14. Nc3 Qd7
15. Bg5 Rfe8 16. Rac1 Nc8 17. Qb1 Nd6 18. Bf4 Na6 19. e4 f6 20. Ne2 b6 21. Nd4
Nc5 22. Ne6 Nxe6 23. dxe6 Qd8 24. a4 Ra7 25. Qa2 Kh8 26. Qd5 Rf8 27. h4 h5 28.
Kh2 Qe8 29. Rc6 Kh7 30. Rdc1 Qd8 31. g4 hxg4 32. Bxg4 Bh6 33. Bxh6 Kxh6 34. f4
f5 35. exf5 Nxf5 36. Qxd8 Rxd8 37. Bxf5 gxf5 38. Rxc7 Rxc7 39. Rxc7 Kh5 40.
Rxe7 Kxh4 41. Rg7 1/2-1/2

[Event "Spain ch tt"]
[Site "?"]
[Date "2001.??.??"]
[Round "4"]
[White "Romero, Alfonso"]
[Black "Gonzalez Merino, Francisco"]
[Result "1-0"]
[WhiteElo "2461"]
[BlackElo "2171"]
[PlyCount "41"]
[EventDate "2001.??.??"]

1. e4 g6 2. Nc3 Bg7 3. h4 h5 4. d4 c6 5. Bc4 b5 6. Bb3 a5 7. a3 Ba6 8. Qf3 e6
9. e5 d5 10. exd6 Qxd6 11. Ne4 Qxd4 12. Ne2 Qd7 13. Bg5 Ne7 14. Bf6 O-O 15.
Bxg7 Kxg7 16. Qf6+ Kg8 17. Qe5 Qd8 18. Nf6+ Kh8 19. Rd1 Qc8 20. Nxh5+ f6 21.
Nxf6 1-0

[Event "Spain ch tt"]
[Site "?"]
[Date "2001.??.??"]
[Round "4"]
[White "Karpov, Anatoly"]
[Black "Giorgadze, Giorgi"]
[Result "1/2-1/2"]
[WhiteElo "2692"]
[BlackElo "2585"]
[PlyCount "54"]
[EventDate "2001.??.??"]

1. d4 d5 2. c4 e6 3. Nf3 Nf6 4. Nc3 Bb4 5. Bg5 h6 6. Bxf6 Qxf6 7. e3 O-O 8. Rc1
dxc4 9. Bxc4 c5 10. O-O cxd4 11. Nxd4 Bd7 12. Qb3 Nc6 13. Nce2 Qe7 14. Nxc6
Bxc6 15. Nd4 Rac8 16. Nxc6 Rxc6 17. Bd3 Rfc8 18. Rxc6 Rxc6 19. Be4 Rc7 20. Rd1
g6 21. g3 Bd6 22. Qb5 a6 23. Qd3 Be5 24. b3 Kg7 25. Kg2 Qb4 26. Bf3 Qe7 27. h4
h5 1/2-1/2

[Event "Spain ch tt"]
[Site "?"]
[Date "2001.??.??"]
[Round "4"]
[White "Paramos, Roberto"]
[Black "Arizmendi, Julen"]
[Result "1/2-1/2"]
[WhiteElo "2434"]
[BlackElo "2503"]
[PlyCount "65"]
[EventDate "2001.??.??"]

1. e4 e6 2. d4 d5 3. Nc3 Bb4 4. e5 c5 5. a3 Bxc3+ 6. bxc3 Ne7 7. Qg4 Nf5 8. Bd3
h5 9. Qf4 Qc7 10. Bd2 b6 11. Nf3 Ba6 12. dxc5 Bxd3 13. cxb6 axb6 14. cxd3 Nd7
15. O-O Nc5 16. Qb4 O-O 17. Qb1 Ra4 18. Qc2 Rfa8 19. Bc1 Nd7 20. Re1 d4 21. Bb2
dxc3 22. Rac1 Qb7 23. Qxc3 Rg4 24. d4 Nxd4 25. Kh1 Nc5 26. Qe3 Nf5 27. Qe2 Raa4
28. h3 Rg6 29. Rc4 Ra8 30. Bd4 Rxa3 31. Bxc5 bxc5 32. Qe4 Qxe4 33. Rexe4
1/2-1/2

[Event "Spain ch tt"]
[Site "?"]
[Date "2001.??.??"]
[Round "4"]
[White "Sanchez Guirado, Francisco"]
[Black "Reinaldo, Roi"]
[Result "1/2-1/2"]
[WhiteElo "2399"]
[BlackElo "2383"]
[PlyCount "68"]
[EventDate "2001.??.??"]

1. Nf3 d5 2. d4 Nc6 3. g3 Bf5 4. Bg2 Nb4 5. Na3 c6 6. O-O e6 7. c3 Na6 8. b4
Nc7 9. Qb3 Nf6 10. c4 Be7 11. c5 a6 12. Nb1 O-O 13. Bf4 Nd7 14. Nc3 Re8 15.
Rfd1 Bf6 16. a4 Qc8 17. b5 e5 18. bxc6 bxc6 19. Nxe5 Bxe5 20. Bxe5 Nxe5 21.
dxe5 Rb8 22. Qa2 Rxe5 23. Qd2 a5 24. f3 Qf8 25. e4 Qxc5+ 26. Kh1 dxe4 27. fxe4
Bg4 28. Rdc1 Qe7 29. Nb1 Rc5 30. Na3 Rxc1+ 31. Qxc1 Qe5 32. Nc4 Qc5 33. Qf4 Na6
34. Ne5 Be6 1/2-1/2

[Event "Spain ch tt"]
[Site "?"]
[Date "2001.??.??"]
[Round "4"]
[White "Rodriguez, Rafael"]
[Black "Torres Sanchez, Jose"]
[Result "0-1"]
[WhiteElo "2299"]
[BlackElo "2236"]
[PlyCount "76"]
[EventDate "2001.??.??"]

1. c4 c5 2. Nf3 g6 3. d4 cxd4 4. Nxd4 Bg7 5. e4 Nc6 6. Be3 Nf6 7. Nc3 O-O 8.
Be2 d6 9. O-O a6 10. Qd2 Bd7 11. f3 Rb8 12. Rac1 Qa5 13. Nb3 Qh5 14. Nd5 Nxd5
15. cxd5 Ne5 16. Na5 Rfc8 17. b3 b6 18. Rxc8+ Bxc8 19. Nc4 Nxc4 20. bxc4 b5 21.
cxb5 axb5 22. Rb1 Qe5 23. Bxb5 f5 24. Qc2 fxe4 25. fxe4 Bf5 26. Bd3 Rc8 27. Qa4
Qc3 28. Qb3 Bd4 29. Bxd4 Qxd4+ 30. Kh1 Bxe4 31. Bxe4 Qxe4 32. h3 Rc2 33. Rg1
Rd2 34. a4 Qxd5 35. Qb8+ Kg7 36. Qe8 Qe4 37. a5 Ra2 38. a6 Qe2 0-1

[Event "Spain ch tt"]
[Site "?"]
[Date "2001.??.??"]
[Round "4"]
[White "Cacho, Sergio"]
[Black "Suba, Mihai"]
[Result "1/2-1/2"]
[WhiteElo "2463"]
[BlackElo "2535"]
[PlyCount "158"]
[EventDate "2001.??.??"]

1. Nf3 c5 2. c4 Nf6 3. g3 b6 4. Bg2 Bb7 5. O-O e6 6. Nc3 d6 7. Re1 Be7 8. e4
Nbd7 9. d4 cxd4 10. Nxd4 Qc7 11. Be3 Rc8 12. Rc1 Qb8 13. b3 Nc5 14. f4 Ncxe4
15. Nxe4 Bxe4 16. Bxe4 Nxe4 17. f5 e5 18. Qg4 Qb7 19. Nb5 g6 20. Qf3 gxf5 21.
Qxf5 a6 22. Nd4 Rg8 23. Qxh7 Nf6 24. Qf5 exd4 25. Bxd4 Nd7 26. Rf1 Rf8 27. b4
Rc7 28. Bg7 Ne5 29. c5 bxc5 30. bxc5 Qd5 31. Rb1 Qxc5+ 32. Rf2 Nd7 33. Qf3 Qc6
34. Qf5 Qc4 35. Rbb2 Rc5 36. Qf3 Qd5 37. Qxd5 Rxd5 38. Bxf8 Bxf8 39. Rb7 Bg7
40. Rc2 Nc5 41. Ra7 Be5 42. Kg2 Rd3 43. Rf2 f6 44. Rf5 Rd2+ 45. Kh3 Ne4 46. Rh5
f5 47. Rxf5 Rxa2 48. Kg4 Bd4 49. Rb7 Rxh2 50. Rff7 Nf6+ 51. Kf5 Ng8 52. Rfc7
Bf6 53. Rc8+ Bd8 54. Ra8 Ne7+ 55. Ke4 Rd2 56. Kf3 Ra2 57. g4 a5 58. g5 Ra1 59.
Kf2 Rc1 60. Rbb8 Nc6 61. Rb7 Rc2+ 62. Kf1 Rc5 63. g6 Rf5+ 64. Ke1 Rg5 65. g7 d5
66. Ra6 Ne7 67. Rh6 Rxg7 68. Rh8+ Rg8 69. Rxe7+ Bxe7 70. Rxg8+ Kd7 71. Kd2 Kc6
72. Rb8 Bd6 73. Ra8 Kb5 74. Rd8 Kc5 75. Kd3 Bc7 76. Ra8 Bb6 77. Kc3 d4+ 78. Kd3
Kb5 79. Rb8 a4 1/2-1/2

[Event "Spain ch tt"]
[Site "?"]
[Date "2001.??.??"]
[Round "5"]
[White "Suba, Mihai"]
[Black "Shirov, Alexei"]
[Result "0-1"]
[WhiteElo "2535"]
[BlackElo "2706"]
[PlyCount "94"]
[EventDate "2001.??.??"]

1. c4 Nf6 2. Nc3 g6 3. d4 d5 4. e3 Bg7 5. Qb3 e6 6. Qa3 Nc6 7. Nf3 a5 8. Bd2
Nb4 9. Qb3 c5 10. a3 Nc6 11. cxd5 exd5 12. dxc5 O-O 13. Be2 Ne4 14. Qxd5 Qxd5
15. Nxd5 Bxb2 16. Ra2 Bg7 17. Nc7 Rb8 18. O-O Nxc5 19. Nd4 Rd8 20. Ncb5 a4 21.
Bc3 Nb3 22. Rd1 Ncxd4 23. Bxd4 Be6 24. Bxg7 Kxg7 25. Rc2 Rbc8 26. Rc3 Rxd1+ 27.
Bxd1 Rd8 28. Bf3 Rd2 29. h4 Bd7 30. Nd4 Nxd4 31. exd4 b5 32. d5 Kf6 33. Kf1 Ke7
34. Ke1 Rb2 35. g3 Kd6 36. h5 g5 37. h6 g4 38. Be2 Kxd5 39. Rc7 Kd6 40. Ra7 Rb3
41. Ra6+ Kc5 42. Ra7 Be6 43. Kd2 Rxa3 44. Bd3 Ra2+ 45. Ke3 Ra1 46. Bxh7 Rh1 47.
Rc7+ Kb4 0-1

[Event "Spain ch tt"]
[Site "?"]
[Date "2001.??.??"]
[Round "5"]
[White "Adams, Michael"]
[Black "Garcia Ilundain, David"]
[Result "1/2-1/2"]
[WhiteElo "2731"]
[BlackElo "2467"]
[PlyCount "123"]
[EventDate "2001.??.??"]

1. e4 c5 2. Nf3 d6 3. d4 cxd4 4. Nxd4 Nf6 5. Nc3 Nc6 6. Bg5 e6 7. Qd2 h6 8.
Bxf6 gxf6 9. O-O-O a6 10. f4 Bd7 11. Kb1 Qb6 12. Nf3 O-O-O 13. Bc4 h5 14. g3
Be7 15. Bb3 Kb8 16. Rhf1 Qc5 17. f5 Na5 18. Nh4 Rdg8 19. Rf4 Bc8 20. Qe2 Nc6
21. Rdf1 Ne5 22. Rd1 Ng4 23. Rf3 Ne5 24. Rff1 Ng4 25. Rd3 Bd8 26. Nf3 Ne5 27.
Rdd1 Nxf3 28. Qxf3 Qe5 29. Ne2 h4 30. Nf4 hxg3 31. hxg3 Rh2 32. g4 Rh4 33. Nh3
Qb5 34. Rg1 Qb6 35. a3 Ka8 36. Nf4 Re8 37. Nh5 Rh2 38. Rgf1 Be7 39. Qc3 Rg2 40.
Nxf6 Rd8 41. Qf3 Rh2 42. Nh5 Qc5 43. Nf4 Rdh8 44. Rh1 Bf6 45. Rxh2 Rxh2 46. Nd3
Qd4 47. g5 Bxg5 48. Qg3 Rh5 49. fxe6 fxe6 50. Qg4 Qh8 51. Bxe6 Rh4 52. Qf5 Bxe6
53. Qxe6 Qf6 54. Qc8+ Ka7 55. Nb4 Qe7 56. Nd5 Qxe4 57. Nc3 Qe5 58. Qc7 Rd4 59.
Rh1 Qc5 60. Qg7 Bf4 61. Rh7 Qb6 62. Qe7 1/2-1/2

[Event "Spain ch tt"]
[Site "?"]
[Date "2001.??.??"]
[Round "5"]
[White "Del Rio, Gabriel"]
[Black "Campora, Daniel"]
[Result "1/2-1/2"]
[WhiteElo "2536"]
[BlackElo "2489"]
[PlyCount "38"]
[EventDate "2001.??.??"]

1. d4 Nf6 2. Nf3 d5 3. c4 dxc4 4. e3 e6 5. Bxc4 a6 6. O-O c5 7. Bb3 Nc6 8. Nc3
cxd4 9. exd4 Be7 10. Re1 O-O 11. a3 b5 12. d5 exd5 13. Nxd5 Nxd5 14. Bxd5 Bb7
15. Bf4 Bf6 16. Ne5 Nxe5 17. Bxb7 Ra7 18. Bxe5 Rxb7 19. Qxd8 Rxd8 1/2-1/2

[Event "Spain ch tt"]
[Site "?"]
[Date "2001.??.??"]
[Round "5"]
[White "Ruiz Jimenez, Francisco"]
[Black "Romero, Alfonso"]
[Result "0-1"]
[WhiteElo "2122"]
[BlackElo "2461"]
[PlyCount "58"]
[EventDate "2001.??.??"]

1. e4 c5 2. Nf3 d6 3. d4 cxd4 4. Nxd4 Nf6 5. Nc3 g6 6. Be3 Bg7 7. f3 a6 8. Qd2
Nbd7 9. g4 b5 10. g5 Nh5 11. a4 bxa4 12. Rxa4 Nc5 13. Ra3 Bb7 14. b4 Nd7 15.
Be2 Rc8 16. O-O O-O 17. f4 Nxf4 18. Rxf4 e5 19. Rg4 exd4 20. Bxd4 Bxd4+ 21.
Qxd4 Ne5 22. Rg3 f5 23. Ra5 f4 24. Rxe5 dxe5 25. Bc4+ Rxc4 26. Qxc4+ Kh8 27.
Rg2 f3 28. Rf2 Qxg5+ 29. Kh1 Rc8 0-1

[Event "Spain ch tt"]
[Site "?"]
[Date "2001.??.??"]
[Round "5"]
[White "Cifuentes, Roberto"]
[Black "Rodriguez Vargas, Orestes"]
[Result "1/2-1/2"]
[WhiteElo "2522"]
[BlackElo "2463"]
[PlyCount "21"]
[EventDate "2001.??.??"]

1. d4 d5 2. c4 e6 3. Nf3 Nf6 4. Nc3 Bb4 5. Bg5 h6 6. Bxf6 Qxf6 7. e3 O-O 8. Rc1
c6 9. a3 Bxc3+ 10. Rxc3 Nd7 11. Qc2 1/2-1/2

[Event "Spain ch tt"]
[Site "?"]
[Date "2001.??.??"]
[Round "5"]
[White "Martin Gonzalez, Angel"]
[Black "Pomes, Joan"]
[Result "1/2-1/2"]
[WhiteElo "2425"]
[BlackElo "2399"]
[PlyCount "23"]

1. c4 c5 2. Nf3 Nc6 3. Nc3 g6 4. e3 Bg7 5. d4 d6 6. Be2 Nf6 7. d5 Nb8 8. h3 O-O
9. O-O e6 10. e4 exd5 11. exd5 Re8 12. Bd3 1/2-1/2

[Event "Spain ch tt"]
[Site "?"]
[Date "2001.??.??"]
[Round "5"]
[White "Giorgadze, Giorgi"]
[Black "Marin, Mihai"]
[Result "1-0"]
[WhiteElo "2585"]
[BlackElo "2561"]
[PlyCount "83"]

1. e4 c5 2. Nc3 e6 3. f4 a6 4. g3 b5 5. Bg2 Bb7 6. d3 d5 7. Qe2 Nc6 8. Nf3 Nd4
9. Nxd4 cxd4 10. Nd1 Bb4+ 11. Bd2 Bxd2+ 12. Qxd2 Qb6 13. O-O Ne7 14. f5 dxe4
15. dxe4 d3+ 16. Qe3 Qxe3+ 17. Nxe3 dxc2 18. Rac1 Rc8 19. Rf2 O-O 20. Rfxc2
Rxc2 21. Rxc2 Rc8 22. Rd2 Kf8 23. Rd7 Bc6 24. Rd6 e5 25. g4 Ke8 26. g5 Bb7 27.
Kf2 Rd8 28. Rxd8+ Kxd8 29. Ng4 Nc6 30. Ke3 Kd7 31. h4 Ke7 32. h5 f6 33. h6 gxh6
34. Nxf6 hxg5 35. Nxh7 Nd4 36. Bf3 Nxf3 37. Kxf3 g4+ 38. Kxg4 Bxe4 39. f6+ Kf7
40. Ng5+ Kxf6 41. Nxe4+ Ke6 42. Kf3 1-0

[Event "Spain ch tt"]
[Site "?"]
[Date "2001.??.??"]
[Round "5"]
[White "Narciso, Marc"]
[Black "Paramos, Roberto"]
[Result "0-1"]
[WhiteElo "2517"]
[BlackElo "2434"]
[PlyCount "102"]

1. d4 Nf6 2. c4 g6 3. Nc3 Bg7 4. e4 d6 5. Be2 O-O 6. Nf3 e5 7. O-O Nc6 8. d5
Ne7 9. Ne1 Nd7 10. Be3 f5 11. f3 Nf6 12. c5 f4 13. Bf2 g5 14. cxd6 cxd6 15. a4
Ng6 16. a5 Bd7 17. Kh1 Rf7 18. Nb5 Bxb5 19. Bxb5 g4 20. Nd3 g3 21. hxg3 Nh5 22.
Qe1 fxg3 23. Bxg3 a6 24. Ba4 Ngf4 25. Bxf4 exf4 26. g4 fxg3 27. Kg2 Bxb2 28.
Rb1 Bd4 29. Qd2 Rc8 30. Rh1 Qf6 31. Bd1 Qg6 32. Rh4 Kh8 33. f4 Nf6 34. f5 Qg7
35. Nf4 Bc3 36. Qe3 Be5 37. Ng6+ Kg8 38. Nxe5 dxe5 39. Rh3 Kh8 40. Rxg3 Qf8 41.
Rb6 Rg7 42. Re6 Rxg3+ 43. Qxg3 Qh6 44. Kf1 Rg8 45. Rxf6 Qh1+ 46. Kf2 Rxg3 47.
Kxg3 Qe1+ 48. Kg2 Qxd1 49. Re6 Kg7 50. d6 Qg4+ 51. Kh2 Qf4+ 0-1

[Event "Spain ch tt"]
[Site "?"]
[Date "2001.??.??"]
[Round "5"]
[White "Reinaldo, Roi"]
[Black "Granados, Manuel"]
[Result "1/2-1/2"]
[WhiteElo "2383"]
[BlackElo "2428"]
[PlyCount "35"]

1. e4 e5 2. Nf3 Nc6 3. Bb5 Nf6 4. d3 d6 5. O-O Bd7 6. c3 g6 7. Nbd2 Bg7 8. Re1
O-O 9. Nf1 Qe8 10. a4 a6 11. Bc4 Na5 12. Ba2 Kh8 13. Bb1 Nh5 14. Ne3 f5 15.
exf5 gxf5 16. Nd5 Rc8 17. d4 e4 18. Ng5 1/2-1/2

[Event "Spain ch tt"]
[Site "?"]
[Date "2001.??.??"]
[Round "5"]
[White "Jerez, Alfonso"]
[Black "Garcia Castro, Pablo"]
[Result "1/2-1/2"]
[WhiteElo "2356"]
[BlackElo "2324"]
[PlyCount "100"]

1. d4 g6 2. Nf3 Bg7 3. g3 c6 4. Bg2 Nf6 5. O-O O-O 6. c4 d6 7. Nc3 Qa5 8. e4
Qh5 9. Ng5 Na6 10. Qxh5 Nxh5 11. Be3 Nb4 12. Rac1 f5 13. exf5 gxf5 14. f4 Nf6
15. Kh1 h6 16. Nf3 Be6 17. Nd2 d5 18. c5 Ne4 19. Nf3 Na6 20. Ne5 Nc7 21. Ne2
Ne8 22. Rfd1 N8f6 23. Rd3 Rad8 24. Rb3 Bc8 25. h3 h5 26. Kh2 Bh6 27. Ng1 Kg7
28. Bf3 Rh8 29. h4 Ng4+ 30. Kg2 Rhf8 31. Nh3 a6 32. Rd3 Rg8 33. b4 Rdf8 34. a4
Kh8 35. Ng5 Kg7 36. Rh1 Rh8 37. Rb3 Nxe5 38. dxe5 Kg6 39. b5 axb5 40. axb5 Bd7
41. bxc6 Bxc6 42. Ra3 Ra8 43. Rha1 Rxa3 44. Rxa3 Bxg5 45. hxg5 h4 46. gxh4 Rxh4
47. Rd3 Rh8 48. Ra3 Rc8 49. Ra1 Rd8 50. Bd4 e6 1/2-1/2

[Event "Spain ch tt"]
[Site "?"]
[Date "2001.??.??"]
[Round "5"]
[White "Matamoros, Carlos"]
[Black "Cacho, Sergio"]
[Result "1/2-1/2"]
[WhiteElo "2457"]
[BlackElo "2463"]
[PlyCount "58"]

1. c4 g6 2. g3 Bg7 3. Bg2 Nf6 4. Nc3 O-O 5. d4 c6 6. e4 d6 7. Nf3 Nbd7 8. O-O
e5 9. Rb1 exd4 10. Nxd4 Re8 11. h3 Nc5 12. Re1 a5 13. b3 Qb6 14. Be3 Bd7 15.
Qc2 Rad8 16. a3 Qc7 17. b4 axb4 18. axb4 Ne6 19. Nde2 Ra8 20. Qd2 Bc8 21. Red1
Nd7 22. Rbc1 Ne5 23. Nd5 cxd5 24. cxd5 Nc4 25. dxe6 fxe6 26. Nd4 Bd7 27. b5
Rec8 28. Qe2 Ra4 29. Nc6 Bxc6 1/2-1/2

[Event "Spain ch tt"]
[Site "?"]
[Date "2001.??.??"]
[Round "5"]
[White "Rojo, Jorge"]
[Black "Vega Holm, Fernando"]
[Result "1/2-1/2"]
[WhiteElo "2313"]
[BlackElo "2404"]
[PlyCount "67"]

1. e4 e6 2. d4 d5 3. e5 c5 4. c3 Nc6 5. Nf3 Bd7 6. Bd3 cxd4 7. cxd4 Qb6 8. O-O
Nxd4 9. Nxd4 Qxd4 10. Nc3 a6 11. Qe2 Rc8 12. Kh1 Bc5 13. f4 Nh6 14. Bd2 O-O 15.
Rf3 f5 16. a3 Ng4 17. Raf1 Bb5 18. Nxb5 axb5 19. h3 h5 20. Bc3 Qa4 21. Bxb5 Qa7
22. Bd7 Kf7 23. Bxc8 Rxc8 24. Qb5 Rc6 25. Bb4 Nf2+ 26. R3xf2 Bxf2 27. Qe2 Bb6
28. Qxh5+ Kg8 29. Qe8+ Kh7 30. Qf7 Qb8 31. g4 Qc8 32. gxf5 exf5 33. Qxd5 Rc1
34. Qg2 1/2-1/2

[Event "Spain ch tt"]
[Site "?"]
[Date "2001.??.??"]
[Round "5"]
[White "Teran, Ismael"]
[Black "Perez Lopez, Jesus M"]
[Result "1-0"]
[WhiteElo "2396"]
[BlackElo "2178"]
[PlyCount "71"]

1. e4 e6 2. Nf3 d5 3. Nc3 Be7 4. d4 Nf6 5. Bd3 dxe4 6. Nxe4 Bd7 7. O-O Bc6 8.
Ng3 Nbd7 9. b3 a5 10. c4 a4 11. Bb2 Bxf3 12. Qxf3 O-O 13. Qxb7 axb3 14. axb3
Rxa1 15. Bxa1 c5 16. Rd1 Qa5 17. Qf3 Rb8 18. dxc5 Nxc5 19. Bc3 Qa3 20. b4 Nxd3
21. Rxd3 Qa2 22. Qe2 Qa4 23. Ne4 Ne8 24. c5 Rxb4 25. Bxb4 Qxb4 26. c6 Qc4 27.
Qf3 f5 28. Nd2 Qc1+ 29. Nf1 Bf6 30. Rd1 Qc5 31. g3 Nc7 32. Rd7 Nd5 33. Qh5 Qf8
34. c7 Nb6 35. Qd1 Nd5 36. Rxd5 1-0